| 000 | 01320cam a22003493a 4500 | ||
|---|---|---|---|
| 001 | 17820 | ||
| 003 | PGUSA | ||
| 005 | 20140828083359.0 | ||
| 008 | 060222s2006||||xxu|||||s|||||000 | eng d | ||
| 040 |
_aPGUSA _beng |
||
| 042 | _adc | ||
| 050 | 4 | _aE300 | |
| 100 | 1 |
_aDelaney, Lucy A. _q(Lucy Ann) |
|
| 245 | 1 | 0 |
_aFrom the Darkness Cometh the Light, or Struggles for Freedom _h[electronic resource] / _cLucy A. Delaney |
| 260 |
_bProject Gutenberg, _c2006 |
||
| 506 | _aPublic domain in the USA. | ||
| 516 | _aElectronic text | ||
| 653 | _aSlavery -- Missouri -- Saint Louis -- History -- 19th century | ||
| 653 | _aWomen slaves -- Missouri -- Saint Louis -- Biography | ||
| 653 | _aDelaney, Lucy A. (Lucy Ann), b. 1828? | ||
| 653 | _aSlaves' writings, American | ||
| 653 | _aKidnapping -- Illinois -- History -- 19th century | ||
| 653 | _aAfrican American women -- Biography | ||
| 653 | _aFreedmen -- Biography | ||
| 653 | _aDelaney, Lucy A. (Lucy Ann), b. 1828? -- Trials, litigation, etc. | ||
| 653 | _aSlaves -- Legal status, laws, etc. -- United States | ||
| 653 | _aSlaves -- Missouri -- Saint Louis -- Biography | ||
| 653 | _aFugitive slaves -- Missouri -- Saint Louis -- Biography | ||
| 830 | 0 |
_aProject Gutenberg _v17820 |
|
| 856 | 4 | 0 | _uhttp://www.gutenberg.org/ebooks/17820 |
| 942 | _cEB | ||
| 999 |
_c247075 _d247075 |
||